000 00896nam a2200253 u 4500
005 20240606063733.0
008 160523s1998 r 000 0 eng d
020 _a8483230135
035 _aUPN01000210489
049 _aCG
050 4 _aP51
_bR5.4
100 1 _aRichards, Jack C.,
_d1943-
_939184
245 1 0 _aEstrategias de reflexión sobre la enseñanza de idiomas /
_cJack C. Richards, Charles Lockhart ; tr. Juan Jesús Zaro.
260 _aMadrid :
_bCambridge University,
_c1998.
300 _a198 p.
440 0 _aCambridge de didáctica de lenguas
534 _pTítulo original:
_tReflective teaching in second language classrooms
650 4 _aLenguaje y lenguas
_xEstudio y enseñanza
_96150
650 4 _aADQUISICION DE SEGUNDO LENGUAJE -
_xMETODOLOGIA
_9216
650 2 _aPlan de clase
_914466
700 1 _aLockhart, Charles,
_ecoaut.
905 _aLibro
999 _c182590
_d182590